| 000 | 00522nam a2200205Ia 4500 | ||
|---|---|---|---|
| 008 | 230125s9999 xx 000 0 und d | ||
| 020 | _a81-7434-789-7 | ||
| 041 | _aeng | ||
| 082 |
_a891.463 _bSUN BLA |
||
| 100 |
_aPotdar V _9114057 |
||
| 245 | _aYoddha sansyasi | ||
| 260 |
_c2000 _bRajhans prakashan _aPune |
||
| 300 | _a332p | ||
| 500 | _aMarathi book,Biography | ||
| 500 | _aLiterature;Marathi Literature | ||
| 650 | _aMarathi Literature | ||
| 700 |
_aPotdar V _9114057 |
||
| 906 | _b26 | ||
| 999 |
_c91338 _d91338 |
||